AH International Schools' Libraries

(Khmer) the ocean / (Record no. 50027)

MARC details
000 -LEADER
fixed length control field 00299nam a2200109 4500
020 ## - INTERNATIONAL STANDARD BOOK NUMBER
International Standard Book Number 9789924342274
245 ## - TITLE STATEMENT
Title (Khmer) the ocean /
Statement of responsibility, etc Prune Mahesine.
260 ## - PUBLICATION, DISTRIBUTION, ETC. (IMPRINT)
Place of publication, distribution, etc Cambodia:
Name of publisher, distributor, etc Sipar;
Date of publication, distribution, etc 2021.
300 ## - PHYSICAL DESCRIPTION
Extent 35 p.
Other physical details col. ill.
Dimensions 25 cm.
700 ## - ADDED ENTRY--PERSONAL NAME
Relator code illustrator.
Personal name Nikol.
9 (RLIN) 87056
942 ## - ADDED ENTRY ELEMENTS (KOHA)
Source of classification or shelving scheme
Koha item type Khmer NON FIC Books
Holdings
Withdrawn status Lost status Source of classification or shelving scheme Damaged status Not for loan Collection code Home library Current library Date acquired Total Checkouts Full call number Barcode Date last seen Date checked out Price effective from Koha item type
          Siem Riep Asian Hope Secondary Library Asian Hope Secondary Library 01/13/2026 1 KHMER 591.77 MAH 210188 03/23/2026 03/03/2026 01/13/2026 Khmer NON FIC Books

For any Logos Library related questions please contact Miss Art at swongnarasuk@asianhope.org.

For any Asian Hope Library related questions please contact Miss Raza at graza@asianhope.org.

Powered by Koha